000
00323nam a22001337a 4500
003
OSt
005
20260512080216.0
008
260512b |||||||| |||| 00| 0 eng d
040
_c
IRDP
082
_a
320.6 MAK
100
_a
HAGUE,CLIFF.
245
_a
MAKING PLANNING WORK:A GUIDE TO APPROACHES AND SKILL
942
_2
ddc
_c
BOOKS
999
_c
9760
_d
9760